Az elhízás epidemiológiai jellemzői a Dél-Alföldön

Elmentve itt :
Bibliográfiai részletek
Szerzők: Paulik Edit
Belec Borbála
Balogh Sándor
Hajnal Ferenc
Nagymajtényi László
Dokumentumtípus: Cikk
Megjelent: 2004
Sorozat:NÉPEGÉSZSÉGÜGY 84 No. 1
Tárgyszavak:
mtmt:2010302
Online Access:http://publicatio.bibl.u-szeged.hu/30922
LEADER 00861nab a2200277 i 4500
001 publ30922
005 20241028104826.0
008 241028s2004 hu o 000 hun d
022 |a 0369-3805 
024 7 |a 2010302  |2 mtmt 
040 |a SZTE Publicatio Repozitórium  |b hun 
041 |a hun 
100 1 |a Paulik Edit 
245 1 3 |a Az elhízás epidemiológiai jellemzői a Dél-Alföldön  |h [elektronikus dokumentum] /  |c  Paulik Edit 
260 |c 2004 
300 |a 6 
300 |a 12-17 
490 0 |a NÉPEGÉSZSÉGÜGY  |v 84 No. 1 
650 4 |a Klinikai orvostan 
650 4 |a Egészségtudományok 
650 4 |a Szociológia 
700 0 1 |a Belec Borbála  |e aut 
700 0 1 |a Balogh Sándor  |e aut 
700 0 1 |a Hajnal Ferenc  |e aut 
700 0 1 |a Nagymajtényi László  |e aut 
856 4 0 |u http://publicatio.bibl.u-szeged.hu/30922/1/aok_klny_529_04.pdf  |z Dokumentum-elérés